| 000 | 00449nam a2200181Ia 4500 | ||
|---|---|---|---|
| 003 | 0100 | ||
| 008 | 130303s9999 xx 000 0 und d | ||
| 040 | _cARRUPELIB | ||
| 050 | _aJA66BEC1967 | ||
| 100 | _aBeck, Robert N | ||
| 245 | _aPerspctives in Social Philosophy | ||
| 245 | _bReadings in Philosophic sources of Social thought | ||
| 260 | _aNY | ||
| 260 | _bHolt, Rinehart Winston Inc | ||
| 260 | _C1967 | ||
| 300 | _a468p | ||
| 942 | 0 | 0 | _03 |
| 999 |
_c37402 _d37402 |
||